Introduction to computer music /

Guardado en:
Autor Principal: Bateman, Wayne, 1951-
Formato: Libro
Idioma:English
Publicado: New York : Wiley, c1980.
Materias:
Etiquetas: Agregar Etiqueta
Sin Etiquetas, Sea el primero en etiquetar este registro!
LEADER 00746cam a2200229 a 4500
001 MAT.inmabb004919
008 791022s1980####nyua#####b####001#0#eng##
005 20180730151401.0
245 1 0 |a Introduction to computer music /  |c Wayne Bateman. 
260 |a New York :  |b Wiley,  |c c1980. 
300 |a vii, 314 p. :  |b il. ;  |c 24 cm. 
500 |a "A Wiley-Interscience publication." 
504 |a Incluye referencias bibliográficas e índice. 
020 |a 0471052663 
020 |a 0471868396 (pbk.) 
100 1 |a Bateman, Wayne,  |d 1951- 
084 |a 68-XX (00A65)  |2 msc2000 
650 0 |a Computer music  |x Instruction and study. 
650 0 |a Computer composition. 
010 |a  79026361  
040 |a DLC  |c DLC  |d DLC 
859 |h 68  |i B328  |p A-7132  |b BIB. MATEMATICA